Entry Personal Name
Number of records used in: 1
001 - CONTROL NUMBER
003 - CONTROL NUMBER IDENTIFIER
005 - DATE AND TIME OF LATEST TRANSACTION
- control field:
20230907123401.0
008 - FIXED-LENGTH DATA ELEMENTS
- fixed length control field:
770603n| azannaab |n aaa
010 ## - LIBRARY OF CONGRESS CONTROL NUMBER
- LC control number:
n 77002627
040 ## - CATALOGING SOURCE
- Original cataloging agency:
DLC
- Language of cataloging:
eng
- Description conventions:
rda
- Transcribing agency:
DLC
- Modifying agency:
DLC
046 ## - SPECIAL CODED DATES
- Birth date:
1942-10-06
- Source of date scheme:
edtf
100 1# - HEADING--PERSONAL NAME
- Personal name:
Widdowson, Peter
670 ## - SOURCE DATA FOUND
- Source citation:
His E. M. Forster's Howards ... 1977:
- Information found:
t.p. (Peter Widdowson, Thames Polytechnic)
670 ## - SOURCE DATA FOUND
- Source citation:
GB 77-06935
670 ## - SOURCE DATA FOUND
- Source citation:
D.H. Lawrence, 1992:
- Information found:
CIP t.p. (Peter Widdowson) data sheet (b. 10-6-42)
670 ## - SOURCE DATA FOUND
- Source citation:
Literature, 1998:
- Information found:
CIP t.p. (Peter Widdowson) pub. info. (Peter John Widdowson; professor of literature, Cheltenham and Gloucester, College of Higher Education)
670 ## - SOURCE DATA FOUND
- Source citation:
Brooker, Peter. A reader's guide to contemporary literary theory, 2017:
- Information found:
CIP t.p. (Peter Widdowson)